NBA MVP's 3 Minute Sprint - Statistics

General Stats
  • This quiz has been taken 116 times
  • The average score is 58 of 68
Answer Stats
Hint Answer % Correct
2021 Nikola Jokic
99%
2022 Nikola Jokic
99%
2009 LeBron James
98%
2010 LeBron James
98%
2012 LeBron James
98%
2013 LeBron James
98%
2014 Kevin Durant
97%
1988 Michael Jordan
97%
1991 Michael Jordan
97%
1992 Michael Jordan
97%
1996 Michael Jordan
97%
1998 Michael Jordan
97%
2015 Stephen Curry
97%
2016 Stephen Curry
97%
2019 Giannis Antetokounmpo
95%
2020 Giannis Antetokounmpo
95%
2008 Kobe Bryant
95%
2000 Shaquille O'Neal
95%
1971 Kareem Abdul-Jabbar
94%
1972 Kareem Abdul-Jabbar
94%
1974 Kareem Abdul-Jabbar
94%
1976 Kareem Abdul-Jabbar
94%
1977 Kareem Abdul-Jabbar
94%
1980 Kareem Abdul-Jabbar
94%
1960 Wilt Chamberlain
94%
1966 Wilt Chamberlain
94%
1967 Wilt Chamberlain
94%
1968 Wilt Chamberlain
94%
2023 Joel Embiid
93%
1987 Magic Johnson
93%
1989 Magic Johnson
93%
1990 Magic Johnson
93%
2017 Russell Westbrook
93%
2018 James Harden
91%
1984 Larry Bird
91%
1985 Larry Bird
91%
1986 Larry Bird
91%
2005 Steve Nash
90%
2006 Steve Nash
90%
1994 Hakeem Olajuwon
87%
2011 Derrick Rose
86%
2002 Tim Duncan
85%
2003 Tim Duncan
85%
2001 Allen Iverson
84%
1997 Karl Malone
84%
1999 Karl Malone
84%
1979 Moses Malone
83%
1982 Moses Malone
83%
1983 Moses Malone
83%
2007 Dirk Nowitzki
81%
1958 Bill Russell
80%
1961 Bill Russell
80%
1962 Bill Russell
80%
1963 Bill Russell
80%
1965 Bill Russell
80%
1995 David Robinson
80%
2004 Kevin Garnett
78%
1993 Charles Barkley
77%
1957 Bob Cousy
73%
1956 Bob Pettit
70%
1959 Bob Pettit
70%
1981 Julius Erving
66%
1964 Oscar Robertson
60%
1978 Bill Walton
50%
1975 Bob Mcadoo
48%
1969 Wes Unseld
45%
1970 Willis Reed
44%
1973 Dave Cowens
41%
No matching quizzes found
Score Distribution
Percent of People with Each Score
Percentile by Number Answered
Your Score History
You have not taken this quiz